| 000 | 01146cab a2200277 4500 | ||
|---|---|---|---|
| 001 | ABS56730 | ||
| 008 | 090401t1997 xxu||||| |||| 00| 0 eng d | ||
| 035 | _a(Sirsi) u77596 | ||
| 041 | _aeng | ||
| 245 | _aIssa v Hackney LBC | ||
| 260 | _c1997 | ||
| 350 | _a0 | ||
| 490 |
_aAll England Law Reports _v(1997) 12 All ER 999-1008(8) |
||
| 520 | _aCA 19 November 1996. Hackney LBC (H) was found guilty of a criminal offence under the Public Health Act 1936 Part III as a result of a local authority accommodation being found to be in a state prejudicial to health. The plaintiff (I) living in the premises, commenced civil proceedings against H for damages for ill-health resulting from the state of the premises. Damages were awarded, however, an appeal was allowed and I found to have no right to claim compensation. | ||
| 650 | _aBREACH OF DUTY | ||
| 650 | _aCIVIL LIABILITY | ||
| 650 | _aCOMPENSATION | ||
| 650 | _aISSA V HACKNEY LBC | ||
| 650 | _aLOCAL AUTHORITIES | ||
| 650 | _aNUISANCE | ||
| 650 | _aPUBLIC HEALTH ACT 1936 | ||
| 650 | _aUNFIT HOUSES | ||
| 690 | _aHOUSING-CASE LAW | ||
| 942 | _n0 | ||
| 948 | _c04/04/1997 | ||
| 999 |
_c48781 _d48781 |
||